Přeskočit na obsah

Прагматика. Теория речевых актов: практическое пособие

Практическое пособие предназначено для ознакомления студентов с теоретическими основами прагматики, в частности, с теорией речевых актов. Издание способствует формированию системы понятий и специальных знаний, необходимых для успешного овладения английским языком. Адресовано студентам дневной формы...

Celý popis

Uloženo v:
Podrobná bibliografie
Hlavní autor: Богатикова Л. И.
Médium: Книга
Jazyk:Russian
Vydáno: Гомель ГГУ имени Ф. Скорины 2023
On-line přístup:https://e.lanbook.com/book/320918
https://e.lanbook.com/img/cover/book/320918.jpg
Tagy: Přidat tag
Žádné tagy, Buďte první, kdo otaguje tento záznam!
LEADER 01863nam0a2200277 i 4500
001 320918
003 RuSpLAN
005 20240216150941.0
008 240216s2023 ru gs 000 0 rus
020 |a 978-985-577-904-0 
040 |a RuSpLAN 
041 0 |a rus 
044 |a ru 
080 |a 811.111‟271.1(076) 
084 |a 81.432.1-006я73  |2 rubbk 
245 0 0 |a Прагматика. Теория речевых актов: практическое пособие  |c Богатикова Л. И. 
260 |a Гомель  |b ГГУ имени Ф. Скорины  |c 2023 
300 |a 44 с. 
504 |a Библиогр.: доступна в карточке книги, на сайте ЭБС Лань 
520 8 |a Практическое пособие предназначено для ознакомления студентов с теоретическими основами прагматики, в частности, с теорией речевых актов. Издание способствует формированию системы понятий и специальных знаний, необходимых для успешного овладения английским языком. Адресовано студентам дневной формы обучения специальности 1-23 01 02-02 «Лингвистическое обеспечение межкультурных коммуникаций (международный туризм)». 
521 8 |a Книга из коллекции ГГУ имени Ф. Скорины - Языкознание и литературоведение 
521 8 |a СЭБ 
100 1 |a Богатикова Л. И. 
856 4 |u https://e.lanbook.com/book/320918 
856 4 8 |u https://e.lanbook.com/img/cover/book/320918.jpg 
953 |a https://e.lanbook.com/img/cover/book/320918.jpg 
Cannot write session to /tmp/vufind_sessions/sess_1olm8vofi9j04b1q1ud437qdhv